000 01313nam a2200361 i 4500
003 EG-GICUC
005 20260121101441.0
008 251208s2006 ua ||||fr|||| 00| 0 ara d
017 _a2006/19125
020 _aIBSN:977-04-5006-5
040 _a EG-GICUC
_bara
_c EG-GICUC
_d EG-GICUC
_erda
041 0 _aara
082 0 4 _221
_a343.5
_bط ا , ا
092 0 4 _221
099 _aLaw 1 10 343.5 ط ا , ا 2006 1 ed
100 0 _aطارق سرور
_eمؤلف.
245 1 2 _a/الاختصاص الجنائي العالمي
_cالدكتور طارق سرور
250 _aالطبعة الأولي
264 1 _aالقاهرة:
_bدار النهضة العربية ,
_c2006 .
300 _a ؛ 333 صفحة
_bإيضاحيات، صور، مثيليات ؛
_c24 سم
336 _2rda content
_atext
337 _2rda media
_aComputer
338 _2rda carrier
_aOnline Resource
504 _a. 240-220 ببليوجرافيا: صفحات.
546 _aالنص باللغة العربية
650 1 4 _aالاختصاص الجنائي العالمي
_2qrmak
650 1 4 _aالقانون الجنائي العالمي
650 1 4 _aالقانون الجنائي
651 1 _2qrmak
856 4 0 _uhttps://fll.law.cu.edu.eg/fulltext/bks/B10-06685.pdf
905 _a70
942 _2ddc
_cBK
_e21
_n0
999 _c49106
_d49106